Score 0/12 Timer 01:00
5 Plays Today
% Correct
Web
88.7%
Processing
81.3%
Access
80.8%
Markup
66.3%
Portable
60.3%
Interchange
58.1%
Protocol
56.3%
Video
54.2%
Disc
52.9%
Uniform
52.8%
File
52.1%
Network
45.4%

Today's Daily Dose

Remove Ads.
Support Sporcle.
Get the best of Sporcle when you Go Orange. This ad-free experience offers more features, more stats, and more fun while also helping to support Sporcle. Thank you for becoming a member.

You're not logged in!

Compare scores with friends on all Sporcle quizzes.
OR
Log In

Show Comments

Extras

Top Quizzes Today


Score Distribution

Your Account Isn't Verified!

In order to create a playlist on Sporcle, you need to verify the email address you used during registration. Go to your Sporcle Settings to finish the process.

Report this User

Report this user for behavior that violates our Community Guidelines.

Details: